<?xml version="1.0" encoding="UTF-8"?>
<marc:record xmlns:marc="http://www.loc.gov/MARC21/slim">
   <marc:leader>00000nam a2200000 a 4500</marc:leader>
   <marc:datafield ind1="0" ind2="0" tag="245">
      <marc:subfield code="a">Abseits des Lebens</marc:subfield>
   </marc:datafield>
   <marc:datafield ind1="0" ind2="0" tag="245">
      <marc:subfield code="b">Eine Geschichte der Menschlichkeit</marc:subfield>
   </marc:datafield>
   <marc:datafield ind1=" " ind2="1" tag="264">
      <marc:subfield code="b">good!movies</marc:subfield>
      <marc:subfield code="c">2021</marc:subfield>
   </marc:datafield>
   <marc:datafield ind1="1" ind2=" " tag="520">
      <marc:subfield code="a">Mit LAND gibt Schauspiel-Ikone Robin Wright ihr Kino-Regiedebüt und erzählt die eindringliche Geschichte von Edee, einer Frau, die nach einem schmerzhaften Verlust alle Brücken hinter sich abbricht und ein neues Leben in der Einsamkeit der Rocky Mountains beginnt &#x96; in einer gnadenlosen Umgebung, die nichts verzeiht. Gerade noch rechtzeitig findet sie ein einheimischer Jäger. Er rettet sie und bringt ihr bei, wie man jagt und in der rauen Wildnis überlebt. Doch wie sie mit den schmerzhaften Erinnerungen, die sie umtreiben, weiterleben soll, kann sie nur selbst herausfinden. Robin Wright brilliert auch vor der Kamera in der Rolle einer Frau, die den Boden unter den Füßen verloren hat und nach einem Sinn und einer Rückkehr ins Leben sucht. Die strapaziösen, aber intensiven Dreharbeiten fanden inmitten der atemberaubenden Wildnis der kanadischen Rocky Mountains in British Columbia statt.</marc:subfield>
   </marc:datafield>
   <marc:datafield ind1="3" ind2=" " tag="024">
      <marc:subfield code="a">4009750209028</marc:subfield>
   </marc:datafield>
   <marc:datafield ind1=" " ind2=" " tag="041">
      <marc:subfield code="a">ger</marc:subfield>
   </marc:datafield>
   <marc:datafield ind1="1" ind2=" " tag="521">
      <marc:subfield code="a">FSK ab 6 freigegeben</marc:subfield>
   </marc:datafield>
   <marc:datafield ind1="1" ind2=" " tag="521">
      <marc:subfield code="a">6</marc:subfield>
   </marc:datafield>
   <marc:datafield ind1=" " ind2=" " tag="338">
      <marc:subfield code="a">Videodisk</marc:subfield>
   </marc:datafield>
   <marc:datafield ind1=" " ind2=" " tag="300">
      <marc:subfield code="a">1 DVD</marc:subfield>
   </marc:datafield>
</marc:record>
